000
00210nam a22000857a 4500
008
161213b xxu||||| |||| 00| 0 eng d
100
_9
2022
_a
Agarwal.D
245
_a
The Walking Tree
260
_a
New Delhi
_b
C.B.T
_c
2011
999
_c
4896
_d
4896